La estrategia en las organizaciones de la nueva economía /

Guardado en:
Autor Principal: Serra, Roberto.
Otros Autores: Le Fosse, Guillermo.
Formato: Libro
Idioma:Spanish
Publicado: Buenos Aires : Coyuntura, 2000.
Series:Estrategias de negocios ; 3.
Materias:
Etiquetas: Agregar Etiqueta
Sin Etiquetas, Sea el primero en etiquetar este registro!
LEADER 00781nam a22002175 4500
001 EAD.ead003241
008 080718s2000####ag############000#0#spa#d
005 20120816124259.0
245 1 3 |a La estrategia en las organizaciones de la nueva economía /  |c Roberto Serra con la colaboración de Guillermo Le Fosse. 
260 |a Buenos Aires :  |b Coyuntura,  |c 2000. 
300 |a 85 p. ;  |c 22 cm. 
490 1 |a Estrategias de negocios ;  |v 3 
020 |a 9879169514 
100 1 |a Serra, Roberto. 
700 1 |a Le Fosse, Guillermo. 
830 0 |a Estrategias de negocios ;  |v 3. 
082 0 4 |a 658.403  |2 21 
653 |a Pensamiento administrativo 
650 7 |a Estrategia empresarial.  |2 unbist 
653 |a Comportamiento organizacional 
859 |a AR-BaBDC  |b BIB. ADMINISTRACION - Libros  |h 658.403  |i Se68  |p b04654